01159nam a2200337Ia 4500001000900000003000500009005001700014007000300031008004100034010001100075020001800086040001800104041001300122050002500135082002500160100002700185240006600212245017400278250001700452264003700469300004000506336002700546337002700573338002800600650002500628650003900653650003000692650001800722700002700740700005400767dia_6311CHAP20240419170651.0ta220117s1987 mx a fr 001 0 spa d a177789 a958-880-081-3 cCHAPamxchpua1 aspaheng10aHF5548.2 b.S56 198700a005.1 bS56 19872201 aSingelmann, Jayeautor1 aBusiness programming logic: a structured approach.lEspañol10aProgramación lógica aplicada a la administración : bun enfoque estructurado /cJay Singelmann y Jean Longhurst ; traducción María de Lourdes Fournier García a3a edición aMéxico :bPrentice-Hall,c1987 axii, 336 páginas :bilustraciones 2rdacontentatextobtxt 2rdamediaasin mediobn 2rdacarrieravolumenbnc10aDiagramas de flujo 10aNegociosxProcesamiento de datos 10aBusinessxData processing10aFlow charts 1 aLonghurst, Jeaneautor1 aFournier García, María de Lourdesetraductora